000
00318nam a22001337a 4500
008
180906b xxu||||| |||| 00| 0 eng d
020
_a
1567931820
041
_a
eng
080
_a
616
100
_a
3
101
_a
SHM
245
_a
World Health Systems Challenges And Perspectives
_c
Ftied.B.J
942
_2
udc
_c
BK
999
_c
47585
_d
47585